European City Match Quiz Stats

 Plays Quiz Updated Jan 22, 2018

Challenge
Share
Tweet
Score 0/24 Timer 12:00
0 Plays Today
% Correct
Berlin
91.9%
Rome
91.8%
Paris
90.8%
London
90.4%
Dublin
81.4%
Madrid
80.8%
Bern
69.2%
Amsterdam
65.8%
Brussels
57.8%
Warsaw
50.4%
Moscow
48.1%
Vienna
47.4%
% Correct
Stockholm
46.9%
Lisbon
40.2%
Kyiv
36.2%
Oslo
36.2%
Copenhagen
34.1%
Nicosia
30.3%
Helsinki
26.4%
Prague
22%
Zagreb
21%
Bucharest
20.6%
Budapest
15.4%
Bratislava
10.6%

You're not logged in!

Compare scores with friends on all Sporcle quizzes.
Join for Free
OR
Log In

You Might Also Like...

Show Comments

Extras

Top Quizzes Today


Score Distribution

Your Account Isn't Verified!

In order to create a playlist on Sporcle, you need to verify the email address you used during registration. Go to your Sporcle Settings to finish the process.

Report this User

Report this user for behavior that violates our Community Guidelines.

Details: